The Manor of Chertsey Boemond in the county of Surrey...belonging to His Majesty...which will be sold by auction...by Messrs. Driver in paer at the Auction Mart, London on Tuesday the 24th of June 1828 at 12 o'clock in 33 lots, and the remainder at the Swan Inn, Chertsey on Wednesday the 25th of June 1828 at 11 o'clock in 72 lots (Record no. 116616)

MARC details
000 -LEADER
fixed length control field 00959cam a22002175a 4500
001 - CONTROL NUMBER
control field L141136
008 - FIXED-LENGTH DATA ELEMENTS--GENERAL INFORMATION
fixed length control field 071030s1828 xxk eng u
035 ## - SYSTEM CONTROL NUMBER
System control number (Sirsi) u141136
041 0# - LANGUAGE CODE
Language code of text/sound track or separate title eng
110 2# - MAIN ENTRY--CORPORATE NAME
Corporate name or jurisdiction name as entry element Messrs. Driver
9 (RLIN) 5430
245 04 - TITLE STATEMENT
Title The Manor of Chertsey Boemond in the county of Surrey...belonging to His Majesty...which will be sold by auction...by Messrs. Driver in paer at the Auction Mart, London on Tuesday the 24th of June 1828 at 12 o'clock in 33 lots, and the remainder at the Swan Inn, Chertsey on Wednesday the 25th of June 1828 at 11 o'clock in 72 lots
260 ## - PUBLICATION, DISTRIBUTION, ETC.
Place of publication, distribution, etc. S.l.
Name of publisher, distributor, etc. s.n.
Date of publication, distribution, etc. [1828]
300 ## - PHYSICAL DESCRIPTION
Extent 26 p.
Other physical details map
Dimensions 37 cm. +
Accompanying material 1 sheet (18 x 14 cm.)
340 ## - PHYSICAL MEDIUM
Material base and configuration Printed
351 ## - ORGANIZATION AND ARRANGEMENT OF MATERIALS
Hierarchical level Single item
500 ## - GENERAL NOTE
General note Item includes a fold-out plan of the area.
500 ## - GENERAL NOTE
General note Item accompanied by a pencil note
651 4# - SUBJECT ADDED ENTRY--GEOGRAPHIC NAME
Geographic name Surrey
690 ## - LOCAL SUBJECT ADDED ENTRY--TOPICAL TERM (OCLC, RLIN)
Topical term or geographic name as entry element PROPERTY-PROPERTY ACQUISITION AND DISPOSAL-ACQUISITION AND DISPOSAL AT AUCTION
942 ## - ADDED ENTRY ELEMENTS (KOHA)
Suppress in OPAC 0
Holdings
Withdrawn status Lost status Source of classification or shelving scheme Damaged status Not for loan Home library Current library Shelving location Date acquired Total Checkouts Full call number Barcode Date last seen Copy number Price effective from Koha item type
    Dewey Decimal Classification     London London Basement 30/10/2007   BASEMENT BOX 5 141136-1001 06/08/2019 1 06/08/2019 Archive